000 00419nam a2200181Ia 4500
001 10314
005 20260306161823.0
008 260306t1943||||xx |||||||||||||| ||spa||
041 _aESP
082 _a918.83
_bF81
100 _aFrank, Waldo
_eAUT
245 0 _aSouth american journey
260 _c1943
300 _axvii, 404 páginas :
_c21 cm.
650 _aGEN
654 _aCHU
942 _cLIB
_dJUS
_fJUS
_2ddc
_n
999 _c10314
_d10314